000 00496cam a2200169 4500500
005 20260329002111.0
041 _afre
042 _adc
100 1 0 _aMichaud, Yves
_eauthor
245 0 0 _aJustice, pschittĀ !
260 _c2010.
500 _a77
690 _aJustice
690 _aMontesquieu
786 0 _nPhilosophie magazine | 44 | 11 | 2010-11-01 | p. 4-4 | 1951-1787
856 4 1 _uhttps://shs.cairn.info/magazine-philosophie-magazine-2010-11-page-4?lang=fr&redirect-ssocas=7080
999 _c1811730
_d1811730